Entry Personal Name
Number of records used in: 2
001 - CONTROL NUMBER
003 - CONTROL NUMBER IDENTIFIER
005 - DATE AND TIME OF LATEST TRANSACTION
- control field:
20220826145936.0
008 - FIXED-LENGTH DATA ELEMENTS
- fixed length control field:
030225n| azannaabn |a aaa
010 ## - LIBRARY OF CONGRESS CONTROL NUMBER
- LC control number:
no2003017735
035 ## - SYSTEM CONTROL NUMBER
- System control number:
(OCoLC)oca05981448
040 ## - CATALOGING SOURCE
- Original cataloging agency:
DLC-ON
- Language of cataloging:
eng
- Description conventions:
rda
- Transcribing agency:
DLC-ON
- Modifying agency:
DLC
- Modifying agency:
HU
100 1# - HEADING--PERSONAL NAME
- Personal name:
Cherian, P. J.
370 ## - ASSOCIATED PLACE
- Associated country:
India
- Source of term:
naf
373 ## - ASSOCIATED GROUP
- Associated group:
Kerala Council for Historical Research
- Source of term:
naf
375 ## - GENDER
377 ## - ASSOCIATED LANGUAGE
400 1# - SEE FROM TRACING--PERSONAL NAME
- Personal name:
Cer̲iyān, Pi. Je.
670 ## - SOURCE DATA FOUND
- Source citation:
William Logan's Malabar manual, 2000- :
- Information found:
v. 1, t.p. (Dr. P.J. Cherian; state editor, Kerala Gazetteers Dept., Thiruvananthapuram) pref. (Pi. Je. Cer̲iyān)